00681nam a22001937a 4500003000200000005001700002008004100019020001800060050002300078100002100101245012300122260004400245300005800289504005200347650002300399700002000422700002300442700002200465020250318162259.0250318b xxu||||| |||| 00| 0 eng d a9781266804519 aHG 179 b.K17 2024 aKapoor, Jack R.  aFocus on personal finance:ban active approach to help you achieve financial literacycJack R. Kapoor and three others aNew York City bMcGraw Hill, LLCcc2024 axxxvii, 538 pages :bcolored illustrations ; c28cm.  aIncludes bibliographical references and index.  aPersonal finance.  aDlabay, Les R.  aHughes, Robert J.  aHart, Melissa M.